Normal view MARC view
  • Great Britain

Entry Corporate Name

Number of records used in: 1

001 - CONTROL NUMBER

  • control field: 6062

003 - CONTROL NUMBER IDENTIFIER

  • control field: OSt

005 - DATE AND TIME OF LATEST TRANSACTION

  • control field: 20190806150249.0

008 - FIXED-LENGTH DATA ELEMENTS

  • fixed length control field: 120509n| acannaabn |n ana d

040 ## - CATALOGING SOURCE

  • Original cataloging agency: OSt
  • Transcribing agency: OSt

110 2# - HEADING--CORPORATE NAME

  • Corporate name or jurisdiction name as entry element: Great Britain
  • Subordinate unit: Parliament
  • Subordinate unit: House of Lords

670 ## - SOURCE DATA FOUND

  • Source citation: An alphabetical list of the names, descriptions and places of abode of all persons subscribing to the amount of £2,000 and upwards to any Railway Subscription Contract, 1845]